LIBRARY & INFORMATION CENTRE, KCAET, TAVANUR

ONLINE PUBLIC ACCESS CATALOGUE (OPAC)

Micronutrients for soil and plant health / (Record no. 13322)

MARC details
000 -LEADER
fixed length control field 00439cam a2200169ua 4500
041 ## - LANGUAGE CODE
Language code of text/sound track or separate title eng
082 ## - DEWEY DECIMAL CLASSIFICATION NUMBER
Classification number 631.47
Item number SOM/MI
100 ## - MAIN ENTRY--AUTHOR NAME
Personal name Somani, L L .
245 ## - TITLE STATEMENT
Title Micronutrients for soil and plant health /
260 ## - PUBLICATION, DISTRIBUTION, ETC. (IMPRINT)
Place of publication Udaypur :
Name of publisher Agro-tech publishing academy ,
Year of publication 2008.
300 ## - PHYSICAL DESCRIPTION
Number of Pages 288 ; .
942 ## - ADDED ENTRY ELEMENTS (KOHA)
Koha item type Books
Holdings
Withdrawn status Lost status Damaged status Home library Current library Date acquired Full call number Accession Number Koha item type
      KAUAET KAUAET 07/04/2012 631.47 21612 Books
free website counter